Najlepsze filmy świata - Statystyki

Ogólne statystyki
  • Ten quiz został rozwiązany 238 razy
  • Średni wynik to 3 z 8
Statystyki odpowiedzi
Odpowiedź % Poprawnych
Ojciec chrzestny
72%
Zielona mila
68%
Skazani na Shawshank
66%
Pulp Fiction
39%
Forest Gump
32%
Nietykalni
30%
Lot nad kukułczym gniazdem
25%
Dwunastu gniewnych ludzi
17%
Nie znaleziono quizów pasujących do podanych kryteriów
Rozkład punktacji
Procent ludzi z każdym wynikiem
Percentyl według liczby udzielonych odpowiedzi
Twoja historia wyników
Nie rozwiązałeś tego quizu